[Event "Madrid Chamartin op 8th"]
[Site "Madrid"]
[Date "2019.09.12"]
[Round "5"]
[White "Levitan, Judah Nathan"]
[Black "Alises Fontecha, Juan"]
[Result "0-1"]
[WhiteElo "1211"]
[BlackElo "1574"]
[PlyCount "76"]
[EventDate "2019.09.09"]
[EventType "swiss"]
[EventRounds "9"]
[EventCountry "ESP"]
[SourceTitle "CBM 192 Extra"]
[Source "Chessbase"]
[SourceDate "2019.11.06"]
[SourceVersion "1"]
[SourceVersionDate "2019.11.06"]
[SourceQuality "1"]

1. e4 c6 2. d4 d5 3. exd5 cxd5 4. Bd3 Nf6 5. c3 Bg4 6. Qb3 Qc8 7. Bf4 Nc6 8. Nd2 e6 9. Ngf3 Be7 10. 0-0 0-0 11. h3 Bh5 12. Rfe1 Qd7 13. Bb5 Bd6 14. Bxd6 Qxd6 15. Bd3 Rab8 16. Ne5 Nd7 17. f4 f6 18. Nxd7 Qxd7 19. Qc2 Kh8 20. g4 Be8 21. Bxh7 f5 22. gxf5 exf5 23. Nf3 Kxh7 24. Ng5+ Kg8 25. Re2 Rf6 26. Rae1 Bh5 27. Re6 Re8 28. Rxe8+ Bxe8 29. Qe2 Bg6 30. h4 Rf8 31. h5 Re8 32. Qd1 Rxe1+ 33. Qxe1 Bxh5 34. Qf2 Qe7 35. Kf1 g6 36. Qg2 Qd6 37. Qg3 Nd8 38. Qe3 Kg7 0-1

[Event "Madrid San Viator op-B 30th"]
[Site "Madrid"]
[Date "2018.06.10"]
[Round "9"]
[White "Sanchez Rivero, Miguel"]
[Black "Alises Fontecha, Juan"]
[Result "0-1"]
[WhiteElo "1604"]
[BlackElo "1530"]
[PlyCount "124"]
[EventDate "2018.04.08"]
[EventType "swiss"]
[EventRounds "9"]
[EventCountry "ESP"]
[SourceTitle "EXT 2019"]
[Source "ChessBase"]
[SourceDate "2018.10.10"]
[SourceVersion "1"]
[SourceVersionDate "2018.10.10"]
[SourceQuality "1"]

1. e4 e6 2. d4 d5 3. exd5 exd5 4. c4 Nf6 5. Nc3 Bd6 6. c5 Be7 7. Bb5+ Bd7 8. Qb3 0-0 9. Bxd7 Qxd7 10. Nf3 b6 11. cxb6 axb6 12. 0-0 Nc6 13. Be3 Bd6 14. Bg5 Ne4 15. Be3 Na5 16. Qc2 Nxc3 17. Qxc3 Nc4 18. Bg5 h6 19. Bh4 Bf4 20. b3 Nd6 21. Qd3 Qb5 22. Qxb5 Nxb5 23. Be7 Rfe8 24. Rfe1 Nc3 25. a4 Ne4 26. Bb4 c5 27. dxc5 bxc5 28. Ba3 Rab8 29. Rab1 Rec8 30. g3 Bd2 31. Rxe4 dxe4 32. Nxd2 c4 33. bxc4 Rxb1+ 34. Nxb1 Rxc4 35. Kf1 Rxa4 36. Ke2 f5 37. Ke3 Kf7 38. Kf4 Ke6 39. h4 Rc4 40. Ke3 Rc2 41. Bf8 Kf7 42. Ba3 g5 43. hxg5 hxg5 44. f4 Rg2 45. fxg5 Rxg3+ 46. Kf4 Rf3+ 47. Ke5 Kg6 48. Be7 Rb3 49. Nd2 Rb7 50. Bf6 e3 51. Nf3 Rb4 52. Kd5 Re4 53. Bd4 e2 54. Ne1 Kxg5 55. Bf2 Kf4 56. Bb6 Rb4 57. Bd4 Rb1 58. Bf2 Rxe1 59. Bxe1 Ke3 60. Kc4 f4 61. Kc3 f3 62. Bd2+ Kf2 0-1

[Event "Madrid San Viator op-B 30th"]
[Site "Madrid"]
[Date "2018.04.08"]
[Round "1"]
[White "Alises Fontecha, Juan"]
[Black "Soria Alcaraz, Alejandro"]
[Result "1-0"]
[WhiteElo "1530"]
[BlackElo "1079"]
[PlyCount "97"]
[EventDate "2018.04.08"]
[EventType "swiss"]
[EventRounds "9"]
[EventCountry "ESP"]
[SourceTitle "EXT 2019"]
[Source "ChessBase"]
[SourceDate "2018.10.10"]
[SourceVersion "1"]
[SourceVersionDate "2018.10.10"]
[SourceQuality "1"]

1. e4 e5 2. Nf3 Nc6 3. Bb5 Nf6 4. d3 Bc5 5. 0-0 0-0 6. Bxc6 bxc6 7. Nxe5 d5 8. d4 Qd6 9. Nd3 Bxd4 10. c3 Bb6 11. e5 Qe6 12. exf6 Qxf6 13. Be3 Ba6 14. Bxb6 cxb6 15. Re1 Rfe8 16. Rxe8+ Rxe8 17. Na3 Bxd3 18. Qxd3 h6 19. Nc2 Qd6 20. c4 Rd8 21. cxd5 cxd5 22. Ne3 d4 23. Rd1 g6 24. Nc2 Qc6 25. Ne1 Qd5 26. b3 b5 27. Nf3 Qb7 28. Qe2 Qb6 29. Rd3 a6 30. Qd1 Qf6 31. h3 Qf4 32. Rxd4 Rxd4 33. Qxd4 Qc1+ 34. Kh2 Qc7+ 35. g3 Qc6 36. Ne5 Qf6 37. Qf4 Qe6 38. Ng4 h5 39. Ne3 f5 40. Qd4 Kf8 41. h4 Qe7 42. Qh8+ Kf7 43. Qh7+ Kf6 44. Nd5+ Ke6 45. Nxe7 Ke5 46. Qxg6 Ke4 47. Kg2 a5 48. Qd6 a4 49. Qd5# 1-0